Análisis y evaluación técnica en morteros para repellos y recomendaciones para su uso

Na minha lista:
Detalhes bibliográficos
Autor principal: Chacón Carballo, Cinthia
Formato: Livro
Publicado em: San José, C.R. 2001
Assuntos:
Tags: Adicionar Tag
Sem tags, seja o primeiro a adicionar uma tag!

MARC

LEADER 00000nam a2200000Ia 4500
003 008814
005 20221231144159.0
008 140114s2001 cr a m 000 ||s d
040 |c cru CEDI 
090 |a TFG 4373 
100 |a Chacón Carballo, Cinthia  |9 7652 
245 |a Análisis y evaluación técnica en morteros para repellos y recomendaciones para su uso  
260 |c 2001  |a  San José, C.R. 
300 |a  185 hojas : ilustraciones a color  
500 |a  Tesis (licenciatura en ingeniería civil)--Universidad de Costa Rica. Facultad de Ingeniería. Escuela de Ingeniería Civil 
650 |x ARGAMASA   |x MATERIALES DE CONSTRUCCION  |x RESISTENCIA DE MATERIALES  |9 7653 
942 |c TFG 
999 |c 18065  |d 18065